000
00294nam a2200133Ia 4500
100
_a
De/G
942
_c
BK
654
_a
thryistorised
245
_a
Principles of thyristorised converters
260
_b
Oxford
_a
New Delhi
_c
1982
082
_a
621.3815
_b
DE
300
_a
295
546
_a
ENGLISH
999
_c
26336
_d
26336